| 000 | 00803cam a2200229 a 4500 | ||
|---|---|---|---|
| 001 | 000015762 | ||
| 005 | 20200929164138.0 | ||
| 008 | 961224s1995 pn a 001 0 spa | ||
| 040 |
_aDO-SdBNP _cDLC |
||
| 043 | _ancpn--- | ||
| 082 |
_a070.47287 _bE36p |
||
| 100 | 1 |
_aEisenmann, I. Roberto, _d1937- _935467 |
|
| 245 | 1 | 3 |
_aLa prensa de Panamá : _bla creación de un diario sin dueno / _cI. Roberto Eisenmann, Jr. ; edición Herasto Reyes. |
| 260 |
_aPanamá : _bLa Prensa, _c1995. |
||
| 300 |
_a243 p. : _bil. ; _c23 cm. |
||
| 630 | 0 | 0 |
_aPrensa (Panama, Panama : 1980) _935468 |
| 650 | 4 |
_aPeriodismo _xAspectos políticos _zPanamá. _935469 |
|
| 651 | 4 |
_aPanamá _xPolítica Y Gobierno _y1981- _935470 |
|
| 700 | 1 |
_aReyes, Herasto. _eed. _935471 |
|
| 910 | _aCatalogación por copia / LC | ||
| 049 | _aBNGR | ||
| 999 |
_c15310 _d15310 |
||